000
00319nam a22001457a 4500
003
OSt
020
_a
0975999200
040
_c
0
082
_2
22
_a
004.678
100
_a
Mahler, Paul.
245
_a
VOIP telephony with asterisk /
260
_a
USA,
_b
Signate,
_c
c2005.
300
_a
14, 292 p. ;
_b
ill. ;
942
_2
ddc
_c
IT
999
_c
4484
_d
4484